[Event "Tourn. n7796"]
[Site "www.chess-mail.com"]
[Date "2015.01.29"]
[Round "1"]
[White "Abuelo"]
[Black "Naujzaid"]
[WhiteElo "2010"]
[BlackElo "1840"]
[Result "0-1"]
[Round "1"]
1.e4 c5
2.Bf1c4 d6
3.Nb1c3 e6
4.Ng1f3 Ng8f6
5.d3 Bf8e7
6.h3 O-O
7.O-O Nb8c6
8.a3 a6
9.Bc1e3 d5
10.e5 Nf6d7
11.Bc4b3 d4
12.Be3xd4 Nc6xd4
13.Nf3xd4 cxd4
14.Nc3e2 Nd7xe5
15.Qd1d2 b5
16.c3 dxc3
17.Qd2xc3 Be7f6
18.Qc3d2 Qd8xd3
19.Qd2xd3 Ne5xd3
20.Ra1d1 Nd3xb2
21.Rd1d2 Bc8b7
22.Rf1b1 Bb7e4
23.Bb3c2 Be4xc2
24.Rd2xc2 Nb2c4
25.Rc2a2 Rf8d8
26.Ne2g3 Rd8d3
27.a4 bxa4
28.Ra2xa4 Nc4b2
29.Ra4b4 Rd3d1
30.Rb1xd1 Nb2xd1
31.Ng3e4 a5
32.Ne4xf6 gxf6
33.Rb4b3 a4
34.Rb3a3 Nd1b2
35.Kf1 Nb2c4
36.Ra3a2 a3
37.Ke2 Ra8d8
{ resign }
0-1

[Event "Match"]
[Site "www.echecsemail.com"]
[Date "2015.01.29"]
[Round "1"]
[White "Reanna"]
[Black "Pinehill"]
[WhiteElo "1700"]
[BlackElo "1730"]
[Result "0-1"]
[Round "1"]
1.e4 d5
2.Nb1c3 d4
3.Nc3e2 e5
4.d3 Nb8c6
5.g3 Ng8f6
6.Bf1g2 Bf8e7
7.Ng1f3 Bc8g4
8.O-O O-O
9.Bc1g5 h6
10.Bg5h4 Bg4xf3
11.Bg2xf3 g5
12.Bh4xg5 hxg5
13.c3 g4
14.Bf3g2 Nf6h7
15.c4 Qd8d7
16.f3 f5
17.fxg4 f4
18.gxf4 Qd7xg4
19.Rf1f3 exf4
20.Qd1f1 Be7d6
21.Kh1 Nh7g5
22.Rf3f2 f3
23.Bg2h3 Ng5xh3
24.Ne2g3 Nh3xf2
25.Qf1xf2 Bd6xg3
26.hxg3 Rf8f7
27.Kg1 Nc6e5
28.Ra1d1 Rf7h7
29.Qf2xd4 Qg4xg3
30.Kf1 Qg3g2
31.Ke1 Qg2e2
{ resign }
0-1

[Event "Match"]
[Site "www.echecsemail.com"]
[Date "2015.01.29"]
[Round "1"]
[White "Generalfree"]
[Black "Llord"]
[WhiteElo "1820"]
[BlackElo "1740"]
[Result "1-0"]
[Round "1"]
1.e4 e5
2.Ng1f3 Nb8c6
3.Bf1b5 Qd8f6
4.Bb5xc6 Qf6xc6
5.d3 Ng8f6
6.a3 Bf8c5
7.b4 Bc5b6
8.Nf3xe5 Qc6e6
9.Ne5f3 O-O
10.c4 c5
11.b5 Bb6a5
12.Bc1d2 Ba5xd2
13.Nb1xd2 Nf6g4
14.h3 Ng4e5
15.Nf3xe5 Qe6xe5
16.O-O d6
17.Nd2f3 Qe5f6
18.g4 Qf6g6
19.Rf1e1 h5
20.Nf3h2 hxg4
21.hxg4 a6
22.a4 Bc8e6
23.b6 a5
24.f3 f5
25.exf5 Be6xf5
26.Ra1a3 Bf5e6
27.Kh1 Kf7
28.f4 Rf8h8
29.f5 Qg6h6
30.fxe6 Ke7
31.Ra3a2 Ra8d8
32.Qd1f3 Rd8f8
33.Qf3xb7 Kf6
34.Re1f1 Kg5
35.Qb7d5 Kh4
36.Rf1xf8 g6
37.Rf8xh8 Qh6xh8
38.Qd5xd6 Qh8h6
39.Ra2g2 Qh6c1
40.Rg2g1 Qc1d2
41.Nh2f3 { resign }
1-0

[Event "Match"]
[Site "www.echecsemail.com"]
[Date "2015.01.29"]
[Round "1"]
[White "Poincare"]
[Black "Jafarhayder"]
[WhiteElo "1499"]
[BlackElo "1499"]
[Result "1-0"]
[Round "1"]
1.d4 d5
2.c4 e6
3.Ng1f3 c6
4.g3 Ng8f6
5.Bf1g2 Bf8e7
6.O-O Nb8d7
7.Qd1c2 O-O
8.Nb1d2 dxc4
9.Nd2xc4  { time }
1-0

[Event "Match"]
[Site "www.echecsemail.com"]
[Date "2015.01.29"]
[Round "1"]
[White "Gaspard"]
[Black "Cbaumhauer"]
[WhiteElo "1679"]
[BlackElo "1919"]
[Result "0-1"]
[Round "1"]
1.e4 e5
2.Ng1f3 Nb8c6
3.Bf1c4 Ng8f6
4.Nb1c3 Bf8c5
5.d3 h6
6.Bc1e3 Bc5xe3
7.fxe3 d6
8.Qd1e2 Nc6a5
9.d4 O-O
10.O-O-O Na5xc4
11.Qe2xc4 Qd8e7
12.Nc3d5 Nf6xd5
13.exd5 b5
14.Qc4d3 e4
15.Qd3d2 exf3
16.gxf3 Bc8f5
17.Rh1g1 Rf8e8
18.e4 Bf5g6
19.Rd1e1 Qe7f6
20.Rg1g3 Ra8c8
21.Kb1 c5
22.dxc5 Rc8xc5
23.Re1e3 Re8c8
24.c3 Qf6e5
25.Rg3g4 b4
26.cxb4 Rc5xd5
27.Re3d3 Rd5xd3
28.Qd2xd3 Qe5xh2
29.a4 Bg6h5
30.a5 Bh5xg4
31.fxg4 Qh2h1
32.Ka2 Rc8c1
33.Kb3 Qh1d1
34.Qd3xd1 Rc1xd1
35.Kc4 Kf8
36.b5 Rd1c1
37.Kd5 Ke7
38.b6 Rc1c5
{ resign }
0-1

[Event "Match"]
[Site "www.echecsemail.com"]
[Date "2015.01.29"]
[Round "1"]
[White "Dschelpe"]
[Black "Nugun"]
[WhiteElo "1399"]
[BlackElo "1309"]
[Result "1-0"]
[Round "1"]
1.e4 c5
2.Ng1f3 d6
3.Bf1c4 Ng8f6
4.d3 Nb8c6
5.Bc1g5 e6
6.O-O Bf8e7
7.Nb1d2 O-O
8.c3 d5
9.Bg5xf6 Be7xf6
10.Bc4b3 d4
11.Nd2c4 e5
12.cxd4 exd4
13.e5 Bc8e6
14.exf6 Qd8xf6
15.Rf1e1 b5
16.Nc4e5 Nc6xe5
17.Nf3xe5 Ra8d8
18.Bb3xe6 fxe6
19.Qd1c2 Qf6f5
20.Ne5c6 Rd8d7
21.Re1e2 c4
22.Re2d2 a6
23.Ra1e1 Rf8f6
24.Nc6e5 Rd7d5
25.b3 Rd5xe5
26.Re1xe5 Qf5xe5
27.Rd2e2 Qe5d5
28.bxc4 Qd5g5
29.cxb5 Rf6g6
30.Qc2c8 Kf7
31.Qc8d7 Kf8
32.Qd7c8 Kf7
33.Qc8c7 Qg5e7
34.Qc7xe7 Kxe7
35.bxa6 e5
36.Re2xe5 Kd7
37.Re5b5 Rg6xa6
38.Rb5d5 Ke6
39.Rd5xd4 Ra6xa2
40.Rd4e4 Kd5
41.f4 Ra2a3
42.Re4e3 Kd4
43.Kf2 Ra3xd3
44.Re3xd3 Kxd3
45.Kf3 g6
46.g4 Kd4
47.h4 Kd5
48.g5 Ke6
49.Ke4 Kf7
50.Kd5 Kg7
51.Ke6 h6
52.Ke7 hxg5
53.hxg5 Kg8
54.Kf6 Kh7
55.Kf7 Kh8
56.Kxg6 Kg8
57.f5 Kf8
58.f6 Ke8
59.Kg7 Kd7
60.g6 Ke6
61.f7 { resign }
1-0

[Event "Match"]
[Site "www.echecsemail.com"]
[Date "2015.01.29"]
[Round "1"]
[White "Joseph1983"]
[Black "Obisporey"]
[WhiteElo "2160"]
[BlackElo "2450"]
[Result "0-1"]
[Round "1"]
1.e4 c5
2.Ng1f3 Nb8c6
3.d4 cxd4
4.Nf3xd4 Ng8f6
5.Nb1c3 e5
6.Nd4f5 d5
7.exd5 Bc8xf5
8.dxc6 bxc6
9.Qd1e2 Bf8d6
10.g3 Bf5g4
11.f3 Bg4e6
12.Bc1e3 Nf6d5
13.Nc3xd5 cxd5
14.c3 O-O
15.Bf1g2 d4
16.Be3d2 Qd8b6
17.cxd4 Ra8c8
18.b3 Qb6xd4
19.Qe2e3 Qd4xa1
{ resign }
0-1

[Event "Match"]
[Site "www.echecsemail.com"]
[Date "2015.01.29"]
[Round "1"]
[White "Nozal"]
[Black "Pariolinius"]
[WhiteElo "1710"]
[BlackElo "1770"]
[Result "1-0"]
[Round "1"]
1.e4 c5
2.c4 Nb8c6
3.d3 e5
4.Nb1c3 Ng8f6
5.Ng1f3 Bf8e7
6.Bc1e3 b6
7.g3 Nc6d4
8.Nf3xe5 O-O
9.Be3xd4 cxd4
10.Nc3d5 Nf6xd5
11.cxd5 Be7f6
12.Ne5f3 Bc8b7
13.h4 Ra8c8
14.Bf1h3 Bb7a6
15.O-O Rc8c7
16.d6 Rc7c6
17.e5 Bf6xe5
18.Nf3xe5 Rc6xd6
19.Qd1a4 b5
20.Qa4b4 Rd6d5
21.Rf1e1 Ba6c8
22.Bh3g2 a5
23.Qb4b3 Rd5c5
24.Ra1c1 a4
25.Qb3b4 Rc5xc1
26.Re1xc1 d6
27.Ne5c6 Qd8d7
28.Qb4xd4 Bc8b7
29.Nc6e5 Qd7e7
30.Bg2xb7 dxe5
31.Qd4d5 Rf8d8
32.Rc1c8 Rd8xc8
33.Bb7xc8 g6
34.Qd5xb5 a3
35.bxa3 Qe7xa3
36.Qb5e8 Kg7
37.Qe8xe5 Kh6
38.Qe5d5 Qa3c1
39.Kg2 Qc1xc8
40.Qd5xf7 Qc8c6
41.Kh3 Qc6b5
42.Qf7f8 { resign }
1-0

[Event "Match"]
[Site "www.echecsemail.com"]
[Date "2015.01.29"]
[Round "1"]
[White "Calponas"]
[Black "Tbsundar"]
[WhiteElo "2080"]
[BlackElo "2070"]
[Result "0-1"]
[Round "1"]
1.Ng1f3 d5
2.g3 Nb8d7
3.d4 Ng8f6
4.Bf1g2 e6
5.O-O c6
6.Nb1d2 Bf8d6
7.c4 O-O
8.b3 Qd8e7
9.Bc1b2 e5
10.dxe5 Nd7xe5
11.Nf3xe5 Bd6xe5
12.Bb2xe5 Qe7xe5
13.Nd2f3 Qe5h5
14.cxd5 cxd5
15.Ra1c1 Rf8e8
16.Rf1e1 Bc8g4
17.Rc1c5 Ra8d8
18.Qd1d3 b6
19.Rc5c7 Bg4f5
20.Qd3d4 Re8e4
21.Qd4c3 d4
22.Qc3d2 Nf6g4
23.h4 h6
24.Nf3h2 Re4e5
25.Nh2xg4 Bf5xg4
26.Bg2f3 Bg4xf3
27.exf3 Re5xe1
28.Qd2xe1 Qh5xf3
29.Rc7xa7 d3
30.Qe1e7 Qf3d5
{ resign }
0-1

[Event "1/32 Finale"]
[Site "www.chess-mail.com"]
[Date "2015.01.29"]
[Round "1"]
[White "Fjpv"]
[Black "Buny"]
[WhiteElo "2520"]
[BlackElo "2539"]
[Result "1-0"]
[Round "1"]
1.e4 c5
2.c3 Ng8f6
3.e5 Nf6d5
4.Ng1f3 Nb8c6
5.d4 cxd4
6.cxd4 d6
7.Bf1c4 Nd5b6
8.Bc4b5 dxe5
9.Nf3xe5 Bc8d7
10.Bb5xc6 Bd7xc6
11.O-O e6
12.Nb1c3 Bf8e7
13.Ne5xc6 bxc6
14.Qd1g4 O-O
15.Rf1d1 Nb6d5
16.Bc1h6 Be7f6
17.Nc3e4 Kh8
18.Bh6g5 Bf6xg5
19.Ne4xg5 Kg8
20.Rd1c1 Ra8b8
21.b3 Rb8b5
22.Ng5f3 Qd8d6
23.Qg4e4 Rf8d8
24.Rc1c4 c5
25.dxc5 Rb5xc5
26.Ra1d1 Qd6f8
27.Rd1d3 h6
28.g3 Rc5xc4
29.bxc4 Nd5f6
30.Qe4e2 Rd8xd3
31.Qe2xd3 Qf8c5
32.Kg2 Qc5c7
33.Qd3d4 Nf6d7
34.Nf3d2 Nd7c5
35.Kh3 e5
36.Qd4d5 Nc5d7
37.Kg2 g6
38.Qd5b5 Nd7c5
39.Nd2b3 Nc5d3
40.c5 e4
41.Qb5e8 Kh7
42.h3  { time }
1-0

[Event "1/64 Finale"]
[Site "www.chess-mail.com"]
[Date "2015.01.29"]
[Round "1"]
[White "Gandalf"]
[Black "Passaroa25"]
[WhiteElo "1580"]
[BlackElo "1510"]
[Result "0-1"]
[Round "1"]
1.c4 c5
2.Nb1c3 a6
3.e4 e6
4.Ng1f3 f6
5.d4 Nb8c6
6.d5 Nc6e5
7.Nf3xe5 fxe5
8.Bf1e2 exd5
9.cxd5 Ng8e7
10.O-O d6
11.f4 Ne7g6
 { time }
0-1

[Event "1/128 Finale"]
[Site "www.chess-mail.com"]
[Date "2015.01.29"]
[Round "1"]
[White "Passaroa25"]
[Black "Bevittsmith"]
[WhiteElo "1440"]
[BlackElo "2240"]
[Result "0-1"]
[Round "1"]
1.e4 c5
2.Bf1c4 Nb8c6
3.c3 Ng8f6
4.f3 e6
5.Ng1e2 d5
6.exd5 exd5
7.Bc4d3 Bf8d6
8.O-O O-O
9.Ne2g3 Qd8c7
10.Qd1e1 Rf8e8
11.Qe1f2 Nc6e5
12.Bd3f5 c4
13.Qf2d4 Bd6c5
14.Bf5xc8 Ra8xc8
15.Qd4xc5 Qc7xc5
16.Kh1 Ne5d3
17.Nb1a3 Nd3f2
18.Rf1xf2 Qc5xf2
19.d4 Re8e1
{ resign }
0-1

[Event "Eq:Angels of Checkmate-BEAC Hungary : "]
[Site "www.chess-mail.com"]
[Date "2015.01.29"]
[Round "1"]
[White "Hali"]
[Black "Generalfree"]
[WhiteElo "2150"]
[BlackElo "1850"]
[Result "1-0"]
[Round "1"]
1.e4 e5
2.Nb1c3 Ng8f6
3.f4 exf4
4.e5 Nf6e4
5.Nc3xe4 Qd8h4
6.g3 fxg3
7.Ne4xg3 Bf8c5
8.Ng1f3 Qh4g4
9.d4 Bc5e7
10.Qd1d3 b6
11.Qd3e4 Qg4xe4
12.Ng3xe4 Bc8b7
13.Bf1d3 f5
14.exf6 gxf6
15.Bc1f4 f5
16.Ne4d2 d6
17.O-O-O Bb7d5
18.Bd3c4 Bd5b7
19.Rd1e1 Nb8c6
20.Bc4b5 a6
21.Bb5xc6 Bb7xc6
22.Bf4g5 { resign }
1-0

[Event "Fast Game"]
[Site "www.echecsemail.com"]
[Date "2015.01.29"]
[Round "1"]
[White "Birdchess"]
[Black "Chtoubidou"]
[WhiteElo "1599"]
[BlackElo "1710"]
[Result "1-0"]
[Round "1"]
1.d4 d5
2.c4 Nb8c6
3.cxd5 Qd8xd5
4.e3 e5
5.Nb1c3 Bf8b4
6.Bc1d2 Bb4xc3
7.bxc3 exd4
8.cxd4 Ng8f6
9.Ng1f3 Bc8g4
10.Bf1e2 O-O
11.O-O Nf6e4
12.h3 Ne4xd2
13.Qd1xd2 Bg4h5
14.Ra1c1 f5
15.Rc1c5 Qd5f7
16.Nf3e5 Nc6xe5
17.Rc5xe5 Bh5xe2
18.Qd2xe2 Ra8e8
19.Re5xe8 Rf8xe8
20.Qe2c2 Qf7d7
21.Qc2b3 Kf8
22.Qb3xb7 a5
23.Rf1c1 f4
24.Rc1xc7 { resign }
1-0

[Event "Tourn. n8028"]
[Site "www.chess-mail.com"]
[Date "2015.01.29"]
[Round "1"]
[White "Sontuozio"]
[Black "Krasin"]
[WhiteElo "2160"]
[BlackElo "2260"]
[Result "0-1"]
[Round "1"]
1.d4 f5
2.g3 Ng8f6
3.Bf1g2 g6
4.Ng1f3 Bf8g7
5.Bc1g5 O-O
6.c4 d6
7.Nb1c3 Nf6e4
8.Nc3xe4 fxe4
9.Nf3h4 h6
10.Nh4xg6 hxg5
11.Ng6xf8 Qd8xf8
12.Bg2xe4 Nb8c6
13.e3 e5
14.Be4d5 Kh8
15.Qd1h5 Bg7h6
16.h4 g4
17.Ra1d1 exd4
18.exd4 Bc8d7
19.Kf1 Ra8e8
20.a3 Kg7
21.Kg2 Re8e2
22.Rh1f1 Nc6e5
23.Rd1e1 Re2xe1
24.Rf1xe1 Bd7e8
25.Re1xe5 Be8xh5
26.Re5xh5 c6
27.Bd5e4 Qf8e8
{ resign }
0-1

[Event "Tourn. n7976"]
[Site "www.chess-mail.com"]
[Date "2015.01.29"]
[Round "1"]
[White "Zazi"]
[Black "Paco6"]
[WhiteElo "1570"]
[BlackElo "1540"]
[Result "0-1"]
[Round "1"]
1.d4 d5
2.Nb1c3 Ng8f6
3.f3 Nb8c6
4.g4 e5
5.dxe5 Nc6xe5
6.Bf1g2 Bf8b4
7.g5 Nf6h5
8.Qd1xd5 Bb4xc3
9.bxc3 Qd8xd5
10.Bc1a3 Bc8f5
11.e4 Qd5a5
12.Ba3b2 Bf5e6
13.Ng1e2 O-O-O
14.f4 Ne5c4
15.O-O Nc4xb2
16.Ra1b1 Qa5b5
17.Ne2d4 Qb5b6
18.f5 Be6xa2
19.Rb1a1 Ba2c4
20.Rf1b1 Rh8e8
21.Bg2f3 Nh5f4
22.Kf2 c5
23.Nd4b3 Bc4xb3
24.cxb3 Nb2d3
25.Kf1 c4
26.Ra1a2 Qb6e3
27.Bf3g4 cxb3
28.Ra2a4 Qe3f2

0-1

[Event "Tourn. n7833"]
[Site "www.chess-mail.com"]
[Date "2015.01.29"]
[Round "1"]
[White "Sontuozio"]
[Black "Snebur56"]
[WhiteElo "2150"]
[BlackElo "2290"]
[Result "0-1"]
[Round "1"]
1.d4 Ng8f6
2.Ng1f3 g6
3.c4 Bf8g7
4.Nb1c3 O-O
5.e4 d6
6.Bf1e2 e5
7.d5 Bc8d7
8.O-O Nb8a6
9.a3 c5
10.h3 Nf6h5
11.Bc1g5 f6
12.Bg5e3 Nh5f4
13.Be3xf4 exf4
14.Qd1d2 Bg7h6
15.Be2d3 Qd8e7
16.Nc3e2 g5
17.Kh1 Qe7f7
18.g4 fxg3
19.Ne2xg3 Bd7xh3
20.Rf1g1 Bh6g7
21.Bd3f1 Bh3d7
22.Rg1g2 Ra8e8
23.Rg2h2 h6
24.Bf1d3 Bd7g4
25.Nf3e1 Na6c7
26.f3 Bg4d7
27.Ne1g2 f5
28.exf5 b5
29.Ng2e3 bxc4
30.Bd3xc4 Qf7e7
31.Ra1e1 Qe7e5
32.Rh2g2 Qe5f4
33.Ng3h5 Qf4xf3
34.Nh5xg7 Kxg7
35.Qd2c3 Kg8
36.Ne3g4 Qf3xc3
37.Ng4xh6 Kg7
38.Rg2xg5 Kxh6
39.Rg5g6 Kh7
{ resign }
0-1

[Event "Tourn. n7828"]
[Site "www.chess-mail.com"]
[Date "2015.01.29"]
[Round "1"]
[White "Gmi42"]
[Black "Sontuozio"]
[WhiteElo "2059"]
[BlackElo "2150"]
[Result "1/2-1/2"]
[Round "1"]
1.e4 e6
2.d4 d5
3.Nb1d2 c5
4.exd5 exd5
5.Ng1f3 Ng8f6
6.Bf1e2 Bf8e7
7.dxc5 Be7xc5
8.c4 Qd8b6
9.O-O d4
10.a3 a5
11.Nd2b3 Nb8c6
12.Nb3xc5 Qb6xc5
13.b4 Qc5d6
14.b5 Nc6e7
15.Qd1xd4 Qd6xd4
16.Nf3xd4 Ne7g6
17.Rf1e1 O-O
18.c5 Bc8g4
19.Be2c4 Rf8e8
20.Bc1b2 Nf6d7
21.c6 bxc6
22.Nd4xc6 Nd7b6
23.Bc4d3 Ng6f4
24.Bd3e4 Nf4e2
25.Kf1 Re8xe4
26.f3 Re4e8
27.fxg4 Ne2f4
28.a4 Re8xe1
29.Ra1xe1 Nb6xa4
30.Bb2e5 Nf4d3
31.Re1a1 Nd3xe5
32.Nc6xe5 { draw }
1/2-1/2

[Event "Tourn. n7781"]
[Site "www.chess-mail.com"]
[Date "2015.01.29"]
[Round "1"]
[White "Naujzaid"]
[Black "Ffdd65"]
[WhiteElo "1810"]
[BlackElo "2090"]
[Result "1/2-1/2"]
[Round "1"]
1.d4 d5
2.c4 c6
3.Nb1c3 Ng8f6
4.Ng1f3 h6
5.e3 e6
6.cxd5 cxd5
7.Bf1d3 Bf8d6
8.O-O O-O
9.Nf3e5 Bd6xe5
10.dxe5 Nf6d7
11.f4 f5
12.g4 g6
13.gxf5 gxf5
14.Qd1h5 Kh7
15.Rf1f3 Rf8g8
16.Kh1 Rg8g6
17.Nc3xd5 Nd7c5
18.Nd5f6 Kg7
19.Bd3c2 Nb8d7
20.Nf6xd7 Bc8xd7
21.Rf3g3 Bd7e8
22.Rg3xg6 Be8xg6
23.Qh5h3 Ra8c8
24.Qh3g2 Rc8c7
25.b4 Nc5d3
26.Bc2xd3 Qd8xd3
27.Bc1b2 Qd3xe3
28.Ra1g1 Qe3e4
29.Qg2xe4 fxe4
30.Rg1c1 Rc7f7
31.Rc1f1 Bg6h5
32.Kg2 Bh5f3
33.Kg3 Kg6
34.Bb2d4 a6
35.a4 Rf7g7
36.Kf2 Kf5
37.Rf1g1 Rg7xg1
38.Kxg1 Kxf4
39.Kf2 h5
40.a5 Bf3g4
41.Bd4c5 Kxe5
42.Ke3 { draw }
1/2-1/2

[Event "Match"]
[Site "www.echecsemail.com"]
[Date "2015.01.29"]
[Round "1"]
[White "Fabos12"]
[Black "Goofy"]
[WhiteElo "1640"]
[BlackElo "2210"]
[Result "0-1"]
[Round "1"]
1.d4 Ng8f6
2.c4 e6
3.Ng1f3 Bf8b4
4.Bc1d2 c5
5.Qd1c2 O-O
6.a3 Bb4xd2
7.Nb1xd2 cxd4
8.Nf3xd4 Nb8c6
9.Nd4b5 d5
10.e3 a6
11.Nb5d6 Qd8xd6
12.c5 Qd6e7
13.Bf1d3 e5
14.f3 Bc8e6
15.O-O Ra8d8
16.b4 h6
17.Qc2a4 Nf6d7
18.Ra1b1 f5
19.e4 dxe4
20.fxe4 f4
21.Bd3c4 Nc6d4
22.Bc4d5 Nd4e2
23.Kh1 Be6xd5
24.exd5 Ne2c3
25.Qa4b3 Nc3xb1
26.Rf1xb1 Qe7f7
27.Nd2e4 f3
28.g3 f2
29.Rb1f1 Nd7f6
30.Ne4d6 Qf7xd5
31.Qb3xd5 Nf6xd5
32.Nd6c4 e4
33.Kg2 e3
{ resign }
0-1

[Event "1/128 Finale"]
[Site "www.chess-mail.com"]
[Date "2015.01.29"]
[Round "1"]
[White "Uji40"]
[Black "Traub"]
[WhiteElo "1740"]
[BlackElo "1730"]
[Result "1-0"]
[Round "1"]
1.e4 d6
2.d4 f5
3.Nb1c3 e5
4.dxe5 fxe4
5.Nc3xe4 d5
6.Qd1h5 g6
7.Ne4f6 Ng8xf6
8.Qh5d1 Nf6e4
9.Bf1d3 Ne4xf2
10.Kxf2 Bf8c5
11.Ke1 Nb8c6
12.Ng1f3 Qd8e7
13.Bc1f4 Bc8g4
14.c3 Bg4xf3
15.Qd1xf3 O-O
16.O-O-O Nc6xe5
17.Qf3xd5 Ne5f7
18.Rh1e1 Ra8d8
19.Re1xe7 Rd8xd5
20.Re7xc7 Rd5f5
21.g3 Rf5d5
22.Rc7xb7 Rf8d8
23.Kc2 g5
24.Bd3xh7 Kxh7
25.Rb7xf7 Kg6
26.Rd1xd5 Rd8xd5
27.Rf7b7 Bc5b6
28.Bf4b8 Bb6e3
29.Bb8xa7 Rd5d2
30.Kb3 Be3xa7
31.Rb7xa7 Rd2xh2
32.Ra7d7 Kf5
33.a4 Rh2h1
34.Rd7e7 Kg4
35.Re7e3 Rh1g1
36.c4 Rg1xg3
37.Re3xg3 Kxg3
38.c5 Kf2
39.c6 g4
40.c7 g3
41.c8Q g2
42.Qc8c2 Kf3
43.Qc2xg2 Kxg2
44.a5 { resign }
1-0

[Event "Tourn. n8020"]
[Site "www.chess-mail.com"]
[Date "2015.01.29"]
[Round "1"]
[White "Faerieking"]
[Black "Difficult"]
[WhiteElo "2250"]
[BlackElo "2010"]
[Result "0-1"]
[Round "1"]
1.e4 c6
2.Ng1e2 d5
3.e5 Bc8f5
4.d4 e6
5.h4 h6
6.f3 c5
7.g4 Bf5h7
8.g5 Nb8c6
9.a3 cxd4
10.Ne2xd4 Qd8b6
11.Nd4xc6 bxc6
12.Bf1d3 Bh7xd3
13.Qd1xd3 hxg5
14.Bc1xg5 Qb6xb2
15.Qd3c3 Qb2xc3
16.Nb1xc3 Ra8b8
17.Kd2 Bf8e7
18.Ra1b1 Rb8b6
19.Bg5e3 c5
20.Rb1xb6 axb6
21.Be3f2 Ng8h6
22.h5 Nh6f5
23.a4 g6
24.f4 Rh8xh5
{ resign }
0-1

[Event "Tourn. n7919"]
[Site "www.chess-mail.com"]
[Date "2015.01.29"]
[Round "1"]
[White "Blackpool"]
[Black "Bojan"]
[WhiteElo "1800"]
[BlackElo "1950"]
[Result "1-0"]
[Round "1"]
1.Ng1f3 g6
2.c4 Bf8g7
3.d4 d5
4.cxd5 Qd8xd5
5.Nb1c3 Qd5d8
6.e4 a6
7.h3 h6
8.Bf1e2 e6
9.Bc1e3 b5
10.O-O Bc8b7
11.a3 c6
12.Qd1d2 Ng8e7
13.Rf1d1 Qd8c7
14.Ra1c1 Nb8d7
15.d5 exd5
16.exd5 cxd5
17.Nc3xd5 Qc7d8
18.Nd5c7 Kf8
19.Nc7xa8 Qd8xa8
20.Qd2xd7 Ne7c6
21.Be3c5 Kg8
22.Qd7c7 Kh7
23.Rd1d7 Nc6d8
24.Rc1d1 Nd8e6
25.Qc7xb7 Qa8xb7
26.Rd7xb7 Ne6xc5
27.Rb7xf7 Rh8e8
28.Kf1 Kg8
29.Rf7c7 Nc5a4
30.Rd1d7 Bg7xb2
31.Nf3h4 Na4b6
32.Rd7f7 Nb6d5
33.Rc7d7 Nd5c3
34.Rf7g7 Kh8
35.Nh4xg6 { resign }
1-0

[Event "Tourn. n7967"]
[Site "www.chess-mail.com"]
[Date "2015.01.29"]
[Round "1"]
[White "Difficult"]
[Black "Amaya"]
[WhiteElo "1880"]
[BlackElo "1890"]
[Result "1/2-1/2"]
[Round "1"]
1.c4 c5
2.Nb1c3 Nb8c6
3.Ng1f3 Ng8f6
4.d4 cxd4
5.Nf3xd4 g6
6.e4 d6
7.Bf1e2 Bf8g7
8.Bc1e3 O-O
9.O-O Bc8d7
10.Nd4xc6 Bd7xc6
11.f3 Nf6d7
12.Qd1d2 b6
13.Nc3d5 Rf8e8
14.Ra1c1 Nd7c5
15.b4 Nc5a4
16.b5 Bc6b7
17.Be3d4 Bg7xd4
18.Qd2xd4 e5
19.Qd4d2 Bb7xd5
20.cxd5 Na4c5
21.Rc1c2 Ra8c8
22.Rf1c1 Qd8h4
23.Rc2c4 Re8f8
24.a4 f5
25.Qd2e3 fxe4
26.fxe4 Rf8f7
27.g3 Qh4e7
28.Rc1f1 Rc8f8
29.Rf1xf7 Rf8xf7
30.Be2g4 h5
31.Bg4h3 Qe7f8
32.Rc4xc5 bxc5
33.Bh3e6 Kg7
34.Be6xf7 Qf8xf7
35.Qe3f2 Qf7xf2
36.Kxf2 Kf7
37.Ke3 Ke7
38.h3 Kd7
39.g4 hxg4
40.hxg4 g5
41.Kd3 Kc7
42.a5 Kb7
43.Kc4 Kc7
44.Kc3 Kb7
45.Kb3 { draw }
1/2-1/2

[Event "Tourn. n8006"]
[Site "www.chess-mail.com"]
[Date "2015.01.29"]
[Round "1"]
[White "Osopanda"]
[Black "Luban"]
[WhiteElo "2060"]
[BlackElo "2160"]
[Result "0-1"]
[Round "1"]
1.c4 e6
2.d4 d5
3.Nb1c3 Ng8f6
4.Ng1f3 h6
5.e3 a6
6.cxd5 exd5
7.a4 c5
8.Bf1d3 Bc8e6
9.O-O Bf8d6
10.Rf1e1 Nb8c6
11.dxc5 Bd6xc5
12.e4 Qd8b6
13.Qd1d2 O-O
14.a5 Nc6xa5
15.Nc3a4 Bc5xf2
16.Qd2xf2 Qb6xf2
17.Kxf2 Na5b3
18.Ra1a3 Nb3xc1
19.Re1xc1 dxe4
20.Nf3d4 exd3
21.Ra3xd3 Rf8e8
22.Nd4xe6 Re8xe6
23.Rc1c7 Nf6e4
24.Kf3 Ne4g5
25.Kf2 Re6f6
26.Ke2 Ra8e8
27.Kd2 b5
28.Na4c3 Rf6f2
29.Kc1 Re8e1
30.Nc3d1 Rf2xg2
31.Rd3d8 Kh7
32.Rd8d6 Rg2xh2
33.Rd6xa6 Rh2h1
34.Ra6d6 Ng5e4
35.Rd6d2 Ne4xd2
36.Kxd2 Re1xd1
37.Ke2 Rd1f1
{ resign }
0-1

[Event "Match"]
[Site "www.echecsemail.com"]
[Date "2015.01.29"]
[Round "1"]
[White "Harrytheking"]
[Black "Georgepapi"]
[WhiteElo "1750"]
[BlackElo "1860"]
[Result "0-1"]
[Round "1"]
1.c4 Ng8f6
2.h3 e5
3.Nb1c3 Bf8e7
4.d3 O-O
5.Ng1f3 Nb8c6
6.a3 d5
7.cxd5 Nf6xd5
8.Nc3xd5 Qd8xd5
9.e4 Qd5d8
10.Bf1e2 Rf8e8
11.b4 Nc6d4
12.Nf3xd4 Qd8xd4
13.Bc1e3 Qd4c3
14.Be3d2 Qc3d4
15.O-O Bc8e6
16.Bd2e3 Qd4d7
17.Be2g4 Be6xg4
18.hxg4 a5
19.Be3c5 axb4
20.Bc5xb4 Be7xb4
21.axb4 Qd7b5
22.Ra1xa8 Re8xa8
23.Qd1c2 c6
24.Rf1b1 Ra8d8
25.Rb1b3 Rd8d4
26.Rb3a3 h6
27.Ra3a5 Qb5xd3
28.Qc2xd3 Rd4xd3
29.Ra5xe5 Rd3d4
30.Re5e8 Kh7
31.e5 Rd4xb4
32.Re8f8 Kg6
33.f3 c5
34.Rf8c8 c4
35.f4 b5
36.Rc8c6 Kh7
37.Kh2 Rb4b3
38.g3 Rb3c3
39.e6 fxe6
40.Rc6xe6 b4
41.f5 b3
42.f6 gxf6
43.Re6xf6 b2
44.Rf6b6 Rc3b3
45.Rb6c6 b1Q
46.g5 Rb3b2
{ resign }
0-1

[Event "Match"]
[Site "www.echecsemail.com"]
[Date "2015.01.29"]
[Round "1"]
[White "Pinehill"]
[Black "Darknight"]
[WhiteElo "1680"]
[BlackElo "1820"]
[Result "1-0"]
[Round "1"]
1.e4 e5
2.d4 Nb8c6
3.Ng1f3 exd4
4.c3 dxc3
5.Bf1c4 h6
6.O-O cxb2
7.Bc1xb2 a6
8.Nb1c3 d6
9.Nc3d5 Bc8e6
10.Rf1e1 Be6xd5
11.Bc4xd5 Nc6e5
12.Nf3xe5 dxe5
13.Bb2xe5 c6
14.Bd5b3 Qd8a5
15.Qd1f3 Ng8f6
16.Be5c3 Qa5c7
17.e5 Nf6d5
18.e6 O-O-O
19.Bc3e5 Bf8d6
20.Be5xd6 Qc7xd6
21.exf7 Rh8f8
22.Re1d1 Qd6e5
23.Ra1c1 Rd8d7
24.Bb3xd5 Kb8
25.Bd5b3 Rd7xd1
26.Rc1xd1 Qe5e7
27.Qf3f4 Ka8
28.g3 a5
29.Qf4a4 Qe7c7
30.Bb3e6 Qc7e5
31.Qa4a3 c5
32.Qa3xa5 Kb8
33.Rd1e1 Qe5d6
34.Be6c4 Qd6c6
35.Bc4b5 b6
36.Bb5xc6 bxa5
37.Re1e8 Kc7
38.Re8xf8 Kd6
39.Rf8c8 { resign }
1-0

[Event "Match"]
[Site "www.echecsemail.com"]
[Date "2015.01.29"]
[Round "1"]
[White "Cathar"]
[Black "Difficult"]
[WhiteElo "2120"]
[BlackElo "2010"]
[Result "1-0"]
[Round "1"]
1.d4 d5
2.c4 dxc4
3.Ng1f3 c6
4.e3 Bc8f5
5.Bf1xc4 e6
6.Nb1c3 Ng8f6
7.O-O Bf8e7
8.Qd1e2 Nf6e4
9.Nf3d2 Ne4xd2
10.Bc1xd2 O-O
11.e4 Bf5g6
12.Bd2e3 Qd8c7
13.f4 b5
14.Bc4d3 f6
15.a3 Nb8d7
16.b4 a5
17.Ra1b1 axb4
18.axb4 Ra8a3
19.Rf1c1 Nd7b6
20.Nc3xb5 { resign }
1-0

[Event "Match"]
[Site "www.echecsemail.com"]
[Date "2015.01.29"]
[Round "1"]
[White "Korto"]
[Black "Picifarkinca"]
[WhiteElo "2330"]
[BlackElo "1960"]
[Result "1-0"]
[Round "1"]
1.d4 Ng8f6
2.Ng1f3 d5
3.e3 Bc8f5
4.c4 c6
5.Nb1c3 e6
6.cxd5 exd5
7.Bf1d3 Bf5g4
8.O-O Nb8d7
9.h3 Bg4h5
10.g4 Bh5g6
11.Rf1e1 Nf6e4
12.Bd3xe4 Bg6xe4
13.Nc3xe4 dxe4
14.Nf3d2 Qd8h4
15.Nd2xe4 Qh4xh3
16.Ne4g5 Qh3h4
17.e4 Bf8e7
18.f4 Qh4g3
19.Kf1 Be7xg5
20.fxg5 O-O-O
21.Qd1e2 Qg3d6
22.Bc1e3 Rh8e8
23.Qe2f3 Qd6e6
24.Be3f2 Kb8
25.Qf3f5 Qe6e7
26.Ra1c1 Ka8
27.Rc1c3 f6
28.d5 Nd7e5
29.Bf2c5 Qe7d7
30.gxf6 gxf6
31.Rc3a3 cxd5
32.Qf5xd7 Rd8xd7
33.exd5 Rd7xd5
34.Bc5xa7 Re8c8
35.Ba7f2 Kb8
36.g5 Kc7
37.Bf2g3 Kd6
38.Ra3f3 { resign }
1-0

[Event "Match"]
[Site "www.echecsemail.com"]
[Date "2015.01.29"]
[Round "1"]
[White "Tenzinnima"]
[Black "Reanna"]
[WhiteElo "2270"]
[BlackElo "1630"]
[Result "1-0"]
[Round "1"]
1.e4 e5
2.Ng1f3 Nb8c6
3.Bf1b5 b6
4.O-O Bc8b7
5.d4 exd4
6.c3 a6
7.Bb5a4 dxc3
8.Nb1xc3 Ng8f6
9.Rf1e1 Bf8e7
10.e5 Nf6g4
11.Bc1f4 Be7h4
12.Nf3xh4 Qd8xh4
13.Bf4g3 Qh4g5
14.Nc3e4 Qg5h5
15.h3 Nc6xe5
16.hxg4 Qh5xg4
17.Bg3xe5 Bb7xe4
18.Qd1xg4 O-O-O
19.Qg4xe4 f6
20.Qe4a8 
1-0

[Event "Match"]
[Site "www.echecsemail.com"]
[Date "2015.01.29"]
[Round "1"]
[White "Razorboy"]
[Black "Caspito"]
[WhiteElo "1800"]
[BlackElo "1860"]
[Result "0-1"]
[Round "1"]
1.d4 g6
2.Ng1f3 d6
3.Bc1f4 Bf8g7
4.e3 Bc8g4
5.Nb1d2 Ng8f6
6.h3 Bg4e6
7.Bf1c4 d5
8.Bc4b3 a5
9.O-O a4
10.Nf3e5 axb3
11.Nd2xb3 Nb8c6
12.Nb3c5 Ra8b8
13.Bf4g5 Be6f5
14.Bg5xf6 Bg7xf6
15.g4 Bf5c8
16.Qd1f3 Nc6xe5
17.dxe5 Bf6xe5
18.c3 b6
19.Nc5d3 Be5g7
20.Rf1e1 Qd8d6
21.e4 Bg7e5
22.exd5 Be5h2
23.Kf1 O-O
24.Nd3b4 Rb8a8
25.Nb4c6 e6
26.c4 Ra8a4
27.b3 Ra4a8
28.a4 Bc8d7
29.Nc6d4 Ra8a5
30.Nd4b5 Bd7xb5
31.axb5 Ra5xa1
32.Re1xa1 Bh2e5
33.Ra1d1 Qd6b4
34.Rd1e1 Be5c3
35.Re1e3 Bc3d4
36.Re3d3 Bd4c5
37.h4 exd5
38.Rd3xd5 Qb4a3
39.h5 Qa3a1
40.Kg2 Kg7
41.Rd5d7 Bc5d6
42.hxg6 hxg6
43.g5 Qa1e5
44.Qf3g4 Kg8
45.f4 Qe5xf4
46.Qg4xf4 Bd6xf4
47.Kf3 Bf4d6
48.Ke4 f5
49.Kd3 f4
50.Ke2 Rf8e8
51.Kf3 Re8e3
52.Kg4 f3
53.Rd7xd6 cxd6
54.Kg3 Re3xb3
55.Kf2 Kf7
56.Kg3 Ke6
57.Kf2 Ke5
58.Kg3 Kf5
59.Kf2 Kf4
60.c5 dxc5
61.Kg1 Rb3b2
62.Kf1 Kg3
63.Ke1 Kg2
64.Kd1 f2
65.Kc1 Rb2e2
66.Kd1 f1Q
{ resign }
0-1